Fogyasztói magatartás a Facebook és a Google PPC alapú hirdetései tekintetében

Bibliográfiai részletek
Szerző: Kocsis Gábor Mihály
További közreműködők: Heitlerné Lehoczky Mária
Dokumentumtípus: Diplomadolgozat
Kulcsszavak:Google
Facebook
Fogyasztói magatartás
PPC alapú hirdetés
Közösségi média
Hirdetés
Primer kutatás
Online Access:http://dolgozattar.uni-bge.hu/16314

MARC

LEADER 00000nta a2200000 i 4500
001 dolg16314
005 20200417060049.0
008 180514suuuu hu om 000 hun d
040 |a BGE Dolgozattár Repozitórium  |b hun 
041 |a hu 
100 1 |a Kocsis Gábor Mihály 
245 1 0 |a Fogyasztói magatartás a Facebook és a Google PPC alapú hirdetései tekintetében  |c Kocsis Gábor Mihály  |h [elektronikus dokumentum] 
695 |a Google 
695 |a Facebook 
695 |a Fogyasztói magatartás 
695 |a PPC alapú hirdetés 
695 |a Közösségi média 
695 |a Hirdetés 
695 |a Primer kutatás 
700 1 |a Heitlerné Lehoczky Mária  |e ths 
856 4 0 |u http://dolgozattar.uni-bge.hu/16314/1/Kocsis_G%C3%A1bor_M_Szakdolgozat.pdf  |z Dokumentum-elérés